Cooperative Design, Visualization, and Engineering (Record no. 209241)

000 -LEADER
fixed length control field 03664 a2200457 4500
003 - CONTROL NUMBER IDENTIFIER
control field Nust
005 - DATE AND TIME OF LATEST TRANSACTION
control field 20170207164544.0
020 ## - INTERNATIONAL STANDARD BOOK NUMBER
International Standard Book Number 9783642408403
024 7# - OTHER STANDARD IDENTIFIER
Standard number or code 10.1007/978-3-642-40840-3
035 ## - SYSTEM CONTROL NUMBER
System control number (EBZ)ebs2026529e
035 ## - SYSTEM CONTROL NUMBER
System control number (EBZ)ebs2026529e
040 ## - CATALOGING SOURCE
Transcribing agency Nust
082 04 - DEWEY DECIMAL CLASSIFICATION NUMBER
Classification number 005.437
082 04 - DEWEY DECIMAL CLASSIFICATION NUMBER
Classification number 4.019
100 1# - MAIN ENTRY--PERSONAL NAME
Personal name Luo, Yuhua.
245 10 - TITLE STATEMENT
Title Cooperative Design, Visualization, and Engineering
Medium [Elektronisk resurs] :
Remainder of title 10th International Conference, CDVE 2013, Alcudia, Mallorca, Spain, September 22-25, 2013. Proceedings /
Statement of responsibility, etc. edited by Yuhua Luo.
300 ## - PHYSICAL DESCRIPTION
Extent XII, 236 p. 89 illus.
Other physical details online resource.
490 1# - SERIES STATEMENT
Series statement Lecture Notes in Computer Science,
International Standard Serial Number 0302-9743 ;
Volume/sequential designation 8091
500 ## - GENERAL NOTE
General note E Book
520 ## - SUMMARY, ETC.
Summary, etc. This book constitutes the refereed proceedings of the 10th International Conference on Cooperative Design, Visualization, and Engineering, CDVE 2013, held in Palma de Mallorca, Spain, in September 2013. The 34 revised full papers presented were carefully reviewed and selected from numerous submissions. The papers cover all the topics of cooperative engineering, basic theories, methods and technologies that support CDVE, cooperative design, visualization and applications. There are special contributions dealing with the cooperative issues brought by the Internet of things - such as the situation in the ambient assisted living systems. Other papers in the volume cover a wide range of cooperative application topics such as cooperative e-learning, cooperative decision making and cooperative simulation etc.
650 #0 - SUBJECT ADDED ENTRY--TOPICAL TERM
Topical term or geographic name entry element Computer aided design.
650 #0 - SUBJECT ADDED ENTRY--TOPICAL TERM
Topical term or geographic name entry element Computer science.
650 #0 - SUBJECT ADDED ENTRY--TOPICAL TERM
Topical term or geographic name entry element Computer Science.
650 #0 - SUBJECT ADDED ENTRY--TOPICAL TERM
Topical term or geographic name entry element Computer-Aided Engineering (CAD, CAE) and Design.
650 #0 - SUBJECT ADDED ENTRY--TOPICAL TERM
Topical term or geographic name entry element Computers and Society.
650 #0 - SUBJECT ADDED ENTRY--TOPICAL TERM
Topical term or geographic name entry element Information storage and retrieval systems.
650 #0 - SUBJECT ADDED ENTRY--TOPICAL TERM
Topical term or geographic name entry element Information Storage and Retrieval.
650 #0 - SUBJECT ADDED ENTRY--TOPICAL TERM
Topical term or geographic name entry element Information Systems Applications (incl. Internet).
650 #0 - SUBJECT ADDED ENTRY--TOPICAL TERM
Topical term or geographic name entry element Optical pattern recognition.
650 #0 - SUBJECT ADDED ENTRY--TOPICAL TERM
Topical term or geographic name entry element Pattern Recognition.
650 #0 - SUBJECT ADDED ENTRY--TOPICAL TERM
Topical term or geographic name entry element User Interfaces and Human Computer Interaction.
710 2# - ADDED ENTRY--CORPORATE NAME
Corporate name or jurisdiction name as entry element SpringerLink (Online service)
830 #0 - SERIES ADDED ENTRY--UNIFORM TITLE
Uniform title Lecture Notes in Computer Science,
856 42 - ELECTRONIC LOCATION AND ACCESS
Uniform Resource Identifier <a href="http://dx.doi.org/10.1007/978-3-642-40840-3">http://dx.doi.org/10.1007/978-3-642-40840-3</a>
856 42 - ELECTRONIC LOCATION AND ACCESS
Uniform Resource Identifier <a href="http://ep.bib.mdh.se/login?url=http://link.springer.com/openurl?genre=book&isbn=978-3-642-40839-7">http://ep.bib.mdh.se/login?url=http://link.springer.com/openurl?genre=book&isbn=978-3-642-40839-7</a>
856 42 - ELECTRONIC LOCATION AND ACCESS
Uniform Resource Identifier <a href="http://link.libris.kb.se/sfxprv?url_ver=Z39.88-2004&ctx_ver=Z39.88-2004&ctx_enc=info:ofi/enc:UTF-8&rfr_id=info:sid/sfxit.com:opac_856&url_ctx_fmt=info:ofi/fmt:kev:mtx:ctx&sfx.ignore_date_threshold=1&rft.object_id=3710000000015950&svc_val_fmt=info:ofi/fmt:kev:mtx:sch_svc&">http://link.libris.kb.se/sfxprv?url_ver=Z39.88-2004&ctx_ver=Z39.88-2004&ctx_enc=info:ofi/enc:UTF-8&rfr_id=info:sid/sfxit.com:opac_856&url_ctx_fmt=info:ofi/fmt:kev:mtx:ctx&sfx.ignore_date_threshold=1&rft.object_id=3710000000015950&svc_val_fmt=info:ofi/fmt:kev:mtx:sch_svc&</a>
856 42 - ELECTRONIC LOCATION AND ACCESS
Uniform Resource Identifier <a href="http://sfxeu10.hosted.exlibrisgroup.com/sfxjon/?url_ver=Z39.88-2004&ctx_ver=Z39.88-2004&ctx_enc=info:ofi/enc:UTF-8&rfr_id=info:sid/sfxit.com:opac_856&url_ctx_fmt=info:ofi/fmt:kev:mtx:ctx&sfx.ignore_date_threshold=1&rft.object_id=3710000000015950&svc_val_fmt=info:ofi/fmt:kev:mtx:sch_svc&">http://sfxeu10.hosted.exlibrisgroup.com/sfxjon/?url_ver=Z39.88-2004&ctx_ver=Z39.88-2004&ctx_enc=info:ofi/enc:UTF-8&rfr_id=info:sid/sfxit.com:opac_856&url_ctx_fmt=info:ofi/fmt:kev:mtx:ctx&sfx.ignore_date_threshold=1&rft.object_id=3710000000015950&svc_val_fmt=info:ofi/fmt:kev:mtx:sch_svc&</a>
856 42 - ELECTRONIC LOCATION AND ACCESS
Uniform Resource Identifier <a href="http://sfxeu10.hosted.exlibrisgroup.com/sfxkth?url_ver=Z39.88-2004&ctx_ver=Z39.88-2004&ctx_enc=info:ofi/enc:UTF-8&rfr_id=info:sid/sfxit.com:opac_856&url_ctx_fmt=info:ofi/fmt:kev:mtx:ctx&sfx.ignore_date_threshold=1&rft.object_id=3710000000015950&svc_val_fmt=info:ofi/fmt:kev:mtx:sch_svc&">http://sfxeu10.hosted.exlibrisgroup.com/sfxkth?url_ver=Z39.88-2004&ctx_ver=Z39.88-2004&ctx_enc=info:ofi/enc:UTF-8&rfr_id=info:sid/sfxit.com:opac_856&url_ctx_fmt=info:ofi/fmt:kev:mtx:ctx&sfx.ignore_date_threshold=1&rft.object_id=3710000000015950&svc_val_fmt=info:ofi/fmt:kev:mtx:sch_svc&</a>
856 42 - ELECTRONIC LOCATION AND ACCESS
Uniform Resource Identifier <a href="http://sfxeu11.hosted.exlibrisgroup.com/sfxmiu/?url_ver=Z39.88-2004&ctx_ver=Z39.88-2004&ctx_enc=info:ofi/enc:UTF-8&rfr_id=info:sid/sfxit.com:opac_856&url_ctx_fmt=info:ofi/fmt:kev:mtx:ctx&sfx.ignore_date_threshold=1&rft.object_id=3710000000015950&svc_val_fmt=info:ofi/fmt:kev:mtx:sch_svc&">http://sfxeu11.hosted.exlibrisgroup.com/sfxmiu/?url_ver=Z39.88-2004&ctx_ver=Z39.88-2004&ctx_enc=info:ofi/enc:UTF-8&rfr_id=info:sid/sfxit.com:opac_856&url_ctx_fmt=info:ofi/fmt:kev:mtx:ctx&sfx.ignore_date_threshold=1&rft.object_id=3710000000015950&svc_val_fmt=info:ofi/fmt:kev:mtx:sch_svc&</a>
856 42 - ELECTRONIC LOCATION AND ACCESS
Uniform Resource Identifier <a href="https://lt.ltag.bibl.liu.se/login?url=http://link.springer.com/openurl?genre=book&isbn=978-3-642-40839-7">https://lt.ltag.bibl.liu.se/login?url=http://link.springer.com/openurl?genre=book&isbn=978-3-642-40839-7</a>
942 ## - ADDED ENTRY ELEMENTS (KOHA)
Source of classification or shelving scheme
Koha item type Book
Holdings
Withdrawn status Lost status Source of classification or shelving scheme Damaged status Not for loan Collection code Permanent Location Current Location Date acquired Total Checkouts Full call number Barcode Date last seen Price effective from Koha item type
            Military College of Signals (MCS) Military College of Signals (MCS) 12/12/2016   621 MCSEB-1079 12/08/2016 12/12/2016 Book
© 2023 Central Library, National University of Sciences and Technology. All Rights Reserved.